Countries beginning with C - Statistics

General Stats
  • This quiz has been taken 29 times
  • The average score is 12 of 15
Answer Stats
Hint Answer % Correct
North America Canada
100%
South America Colombia
100%
South America Chile
96%
Asia China
91%
Europe Croatia
91%
Asia Cambodia
87%
North America Costa Rica
87%
Europe Czechia
83%
Africa Cameroon
78%
Africa Chad
78%
Africa Comoros
78%
North America Cuba
78%
Asia Cyprus
65%
Africa Central African Republic
61%
Africa Cote d Iovry(Ivory Coast)
43%
No matching quizzes found
Score Distribution
Percent of People with Each Score
Percentile by Number Answered
Your Score History
You have not taken this quiz